[Event "CZE-chT2A 0809"]
[Site "Czech Republic"]
[Date "2008.12.21"]
[Round "5.8"]
[White "Hlavsa, Filip"]
[Black "Dort, Pavel"]
[Result "1-0"]
[WhiteElo "1895"]
[BlackElo "1820"]
[PlyCount "73"]
[EventDate "2008.10.12"]
[EventType "team-tourn"]
[EventRounds "11"]
[EventCountry "CZE"]
[SourceTitle "EXT 2010"]
[Source "ChessBase"]
[SourceDate "2010.11.25"]
[SourceVersion "1"]
[SourceVersionDate "2010.11.25"]
[SourceQuality "1"]
[WhiteTeam "Pisek Platan"]
[BlackTeam "Ceske Budejovice"]
[WhiteTeamCountry "CZE"]
[BlackTeamCountry "CZE"]

1. e4 c5 2. Nf3 Nc6 3. d4 cxd4 4. Nxd4 g6 5. c4 Bg7 6. Be3 Nf6 7. Nc3 0-0 8. Be2 d6 9. f3 Bd7 10. Qd2 b6 11. g4 Ne8 12. h4 Ne5 13. 0-0-0 Rc8 14. b3 Nc6 15. h5 Nxd4 16. Bxd4 Bxd4 17. Qxd4 e5 18. Qe3 g5 19. h6 f6 20. Kb2 Be6 21. Rd2 Rf7 22. Rhd1 Rd7 23. Rd3 Rc6 24. Qd2 Bf7 25. Nd5 Nc7 26. Nb4 Rc5 27. Rxd6 Rxd6 28. Qxd6 Qxd6 29. Rxd6 Ne8 30. Rd8 Kf8 31. Rd7 Rc7 32. Rxc7 Nxc7 33. Kc3 Be8 34. Nd5 Nxd5+ 35. exd5 Bg6 36. Bd3 Kf7 37. b4 1-0